00557nam a2200169 a 450000500170000000800410001702000180005805000260007610000170010224500490011926000440016830000070021244000140021965000180023399900190025195201170027020140412111415.0070706s19uu xx 00 eng d a81-7301-173-7 aTR(GS 001.5bM99 2005 aChawla, Aman aMy big book of Communication /cAman Chawla. aIndia :bDreamland Publications,c2005. a32 aDreamland aCommunication c105799d105799 001040aELbELcTRd2007-07-06eLib. Fundl0oTR(GS 001.5 M99 2005pE10694r2014-04-12 00:00:00w2014-04-12yBK